| 000 | 00438nam a2200181Ia 4500 | ||
|---|---|---|---|
| 003 | 0100 | ||
| 008 | 130227s9999 xx 000 0 und d | ||
| 040 | _cARRUPELIB | ||
| 050 | _aBP64.Z33P48 2008 | ||
| 100 | _aPhiri, J. Felix | ||
| 245 | _aMuslim association and the resurgence of Islam in Zambia | ||
| 260 | _aLusaka | ||
| 260 | _bFenza publication | ||
| 260 | _C2008 | ||
| 300 | _axv | ||
| 300 | _b 286p. 21cm. | ||
| 942 |
_2lcc _01 |
||
| 999 |
_c3849 _d3849 |
||